[Event "Stay Safe Play From Home 383"]
[Site "Emanuel Lasker Arena"]
[Date "2020.08.14"]
[Round "4"]
[White "Justwatch"]
[Black "Tavares"]
[Result "1-0"]
[WhiteElo "1589"]
[BlackElo "1717"]
[Annotator "NA"]
[PlyCount "75"]
[EventDate "2020.08.14"]
[EventType "swiss (blitz)"]

1. e4 {[%emt 0:00:01]} c6 {[%emt 0:00:01]} 2. Nf3 {[%emt 0:00:01]} d6 {[%emt 0:00:00]} 3. d4 {[%emt 0:00:02]} Nf6 {[%emt 0:00:00]} 4. Bd3 {[%emt 0:00:00]} g6 {[%emt 0:00:02]} 5. Be3 {[%emt 0:00:00]} Bg7 {[%emt 0:00:00]} 6. Nbd2 {[%emt 0:00:00]} O-O {[%emt 0:00:01]} 7. c3 {[%emt 0:00:00]} a5 {[%emt 0:00:04]} 8. Qc2 {[%emt 0:00:00]} Na6 {[%emt 0:00:00]} 9. a3 {[%emt 0:00:00]} b5 {[%emt 0:00:02]} 10. e5 {[%emt 0:00:00]} Nd5 {[%emt 0:00:02]} 11. exd6 {[%emt 0:00:01]} Nxe3 {[%emt 0:00:01]} 12. fxe3 {[%emt 0:00:00]} exd6 {[%emt 0:00:01]} 13. Ne4 {[%emt 0:00:00]} Re8 {[%emt 0:00:03]} 14. O-O {[%emt 0:00:02]} Qe7 {[%emt 0:00:01]} 15. Rae1 {[%emt 0:00:03]} Bf5 {[%emt 0:00:01]} 16. Ng3 {[%emt 0:00:02]} Bxd3 {[%emt 0:00:01]} 17. Qxd3 {[%emt 0:00:00]} c5 {[%emt 0:00:03]} 18. Rf2 {[%emt 0:00:02]} c4 {[%emt 0:00:01]} 19. Qd2 {[%emt 0:00:01]} d5 {[%emt 0:00:01]} 20. Rfe2 {[%emt 0:00:02]} b4 {[%emt 0:00:00]} 21. e4 {[%emt 0:00:01]} dxe4 {[%emt 0:00:01]} 22. Nxe4 {[%emt 0:00:01]} Qd7 {[%emt 0:00:03]} 23. Nc5 {[%emt 0:00:02]} Nxc5 {[%emt 0:00:03]} 24. Rxe8+ {[%emt 0:00:02]} Rxe8 {[%emt 0:00:02]} 25. Rxe8+ {[%emt 0:00:01]} Qxe8 {[%emt 0:00:00]} 26. dxc5 {[%emt 0:00:00]} Qc6 {[%emt 0:00:01]} 27. cxb4 {[%emt 0:00:01]} axb4 {[%emt 0:00:02]} 28. axb4 {[%emt 0:00:00]} Qe4 {[%emt 0:00:04]} 29. Qd8+ {[%emt 0:00:07]} Bf8 {[%emt 0:00:01]} 30. h4 {[%emt 0:00:03]} Qe3+ {[%emt 0:00:02]} 31. Kh2 {[%emt 0:00:04]} h5 {[%emt 0:00:00]} 32. c6 {[%emt 0:00:01]} Qf4+ {[%emt 0:00:04]} 33. Kg1 {[%emt 0:00:02]} Kg7 {[%emt 0:00:01]} 34. c7 {[%emt 0:00:01]} Bxb4 {[%emt 0:00:02]} 35. c8=Q {[%emt 0:00:01]} Qc1+ {[%emt 0:00:01]} 36. Kh2 {[%emt 0:00:03]} Qxb2 {[%emt 0:00:01]} 37. Qd5 {[%emt 0:00:03]} Qb3 {[%emt 0:00:03]} 38. Qd4+ {[%emt 0:00:01] Time Time Time (Lag: Av=0.43s, max=0.7s) (Lag: Av=0.43s, max=0.7s) (Lag: Av=0.43s, max=0.7s)} 1-0

[Event "Stay Safe Play From Home 383"]
[Site "Emanuel Lasker Arena"]
[Date "2020.08.14"]
[Round "4"]
[White "Trotsky"]
[Black "Hickey"]
[Result "0-1"]
[WhiteElo "1582"]
[BlackElo "2116"]
[PlyCount "40"]
[EventDate "2020.08.14"]
[EventType "swiss (blitz)"]

1. d4 {[%emt 0:00:05]} Nf6 {[%emt 0:00:02]} 2. e3 {[%emt 0:00:01]} e6 {[%emt 0:00:00]} 3. c4 {[%emt 0:00:01]} Bb4+ {[%emt 0:00:02]} 4. Nc3 {[%emt 0:00:01]} O-O {[%emt 0:00:01]} 5. Bd3 {[%emt 0:00:01]} b6 {[%emt 0:00:02]} 6. Qc2 {[%emt 0:00:01]} Bb7 {[%emt 0:00:01]} 7. f3 {[%emt 0:00:03]} d5 {[%emt 0:00:02]} 8. Bd2 {[%emt 0:00:01]} c5 {[%emt 0:00:01]} 9. h4 {[%emt 0:00:01]} cxd4 {[%emt 0:00:01]} 10. exd4 {[%emt 0:00:01]} Nc6 {[%emt 0:00:00]} 11. Be3 {[%emt 0:00:03]} dxc4 {[%emt 0:00:01]} 12. Bxc4 {[%emt 0:00:02]} Nxd4 {[%emt 0:00:00]} 13. Bxd4 {[%emt 0:00:02]} Qxd4 {[%emt 0:00:00]} 14. Bd3 {[%emt 0:00:01]} Rfd8 {[%emt 0:00:01]} 15. O-O-O {[%emt 0:00:01]} Bxc3 {[%emt 0:00:06]} 16. Bxh7+ {[%emt 0:00:04]} Nxh7 {[%emt 0:00:00]} 17. Rxd4 {[%emt 0:00:01]} Bxd4 {[%emt 0:00:00]} 18. Kb1 {[%emt 0:00:02]} Rac8 {[%emt 0:00:01]} 19. Qd3 {[%emt 0:00:02]} Be3 {[%emt 0:00:02]} 20. Qe2 {[%emt 0:00:03]} Rc1# {[%emt 0:00:04] (Lag: Av=0.52s, max=0.9s) (Lag: Av=0.52s, max=0.9s) (Lag: Av=0.52s, max=0.9s)} 0-1

[Event "Stay Safe Play From Home 383"]
[Site "Emanuel Lasker Arena"]
[Date "2020.08.14"]
[Round "4"]
[White "Klasman"]
[Black "Mepe_Nika"]
[Result "0-1"]
[WhiteElo "1335"]
[BlackElo "2302"]
[PlyCount "60"]
[EventDate "2020.08.14"]
[EventType "swiss (blitz)"]

1. f4 {[%emt 0:00:02]} d5 {[%emt 0:00:01]} 2. Nf3 {[%emt 0:00:02]} Bg4 {[%emt 0:00:01]} 3. e3 {[%emt 0:00:03]} Nd7 {[%emt 0:00:02]} 4. c4 {[%emt 0:00:01]} c6 {[%emt 0:00:02]} 5. Qb3 {[%emt 0:00:01]} Bxf3 {[%emt 0:00:01]} 6. gxf3 {[%emt 0:00:02]} Qb6 {[%emt 0:00:01]} 7. cxd5 {[%emt 0:00:03]} Qxb3 {[%emt 0:00:02]} 8. axb3 {[%emt 0:00:01]} cxd5 {[%emt 0:00:00]} 9. Nc3 {[%emt 0:00:01]} e6 {[%emt 0:00:04]} 10. Bb5 {[%emt 0:00:01]} Ngf6 {[%emt 0:00:01]} 11. d4 {[%emt 0:00:02]} Bb4 {[%emt 0:00:01]} 12. Bd2 {[%emt 0:00:02]} O-O {[%emt 0:00:01]} 13. Rg1 {[%emt 0:00:02]} a6 {[%emt 0:00:01]} 14. Bd3 {[%emt 0:00:03]} g6 {[%emt 0:00:03]} 15. e4 {[%emt 0:00:03]} Rfc8 {[%emt 0:00:03]} 16. e5 {[%emt 0:00:02]} Nh5 {[%emt 0:00:01]} 17. Ke2 {[%emt 0:00:03]} Ng7 {[%emt 0:00:03]} 18. h4 {[%emt 0:00:02]} a5 {[%emt 0:00:04]} 19. Rg5 {[%emt 0:00:02]} Kf8 {[%emt 0:00:02]} 20. Rag1 {[%emt 0:00:01]} Bxc3 {[%emt 0:00:02]} 21. Bxc3 {[%emt 0:00:02]} a4 {[%emt 0:00:00]} 22. bxa4 {[%emt 0:00:03]} Rxa4 {[%emt 0:00:00]} 23. Bb5 {[%emt 0:00:02]} Nb6 {[%emt 0:00:01]} 24. Bxa4 {[%emt 0:00:01]} Nxa4 {[%emt 0:00:00]} 25. Kd2 {[%emt 0:00:01]} Nf5 {[%emt 0:00:01]} 26. h5 {[%emt 0:00:02]} b5 {[%emt 0:00:01]} 27. hxg6 {[%emt 0:00:01]} fxg6 {[%emt 0:00:00]} 28. Bb4+ {[%emt 0:00:03]} Kf7 {[%emt 0:00:01]} 29. Bd6 {[%emt 0:00:03]} Rc4 {[%emt 0:00:01]} 30. Kd3 {[%emt 0:00:02]} Rxd4+ {[%emt 0:00:01] Time Time Time (Lag: Av=0.48s, max=0.8s) (Lag: Av=0.48s, max=0.8s) (Lag: Av=0.48s, max=0.8s)} 0-1

[Event "Stay Safe Play From Home 383"]
[Site "Emanuel Lasker Arena"]
[Date "2020.08.14"]
[Round "5"]
[White "NTBT_DHS"]
[Black "IceQueen"]
[Result "1-0"]
[WhiteElo "2552"]
[BlackElo "2261"]
[PlyCount "93"]
[EventDate "2020.08.14"]
[EventType "swiss (blitz)"]

1. e4 {[%emt 0:00:01]} d6 {[%emt 0:00:00]} 2. Nf3 {[%emt 0:00:00]} Nf6 {[%emt 0:00:00]} 3. Nc3 {[%emt 0:00:01]} g6 {[%emt 0:00:00]} 4. Bc4 {[%emt 0:00:00]} Bg7 {[%emt 0:00:01]} 5. O-O {[%emt 0:00:00]} c6 {[%emt 0:00:00]} 6. d4 {[%emt 0:00:01]} d5 {[%emt 0:00:01]} 7. exd5 {[%emt 0:00:01]} cxd5 {[%emt 0:00:00]} 8. Bb5+ {[%emt 0:00:00]} Nc6 {[%emt 0:00:01]} 9. Ne5 {[%emt 0:00:00]} Bd7 {[%emt 0:00:00]} 10. Re1 {[%emt 0:00:02]} O-O {[%emt 0:00:01]} 11. Bg5 {[%emt 0:00:01]} Be8 {[%emt 0:00:01]} 12. Ba4 {[%emt 0:00:03]} a6 {[%emt 0:00:02]} 13. Bxc6 {[%emt 0:00:02]} bxc6 {[%emt 0:00:01]} 14. Na4 {[%emt 0:00:01]} Rb8 {[%emt 0:00:01]} 15. c3 {[%emt 0:00:01]} h6 {[%emt 0:00:02]} 16. Bh4 {[%emt 0:00:01]} g5 {[%emt 0:00:01]} 17. Bg3 {[%emt 0:00:00]} Ne4 {[%emt 0:00:00]} 18. Qc2 {[%emt 0:00:03]} f6 {[%emt 0:00:02]} 19. Nd3 {[%emt 0:00:02]} Nxg3 {[%emt 0:00:01]} 20. hxg3 {[%emt 0:00:01]} Bg6 {[%emt 0:00:00]} 21. Qe2 {[%emt 0:00:01]} e5 {[%emt 0:00:03]} 22. Nac5 {[%emt 0:00:03]} e4 {[%emt 0:00:02]} 23. Nb4 {[%emt 0:00:01]} a5 {[%emt 0:00:01]} 24. Nxc6 {[%emt 0:00:01]} Qd6 {[%emt 0:00:00]} 25. Nxb8 {[%emt 0:00:01]} Rxb8 {[%emt 0:00:00]} 26. b3 {[%emt 0:00:01]} f5 {[%emt 0:00:01]} 27. Qa6 {[%emt 0:00:02]} Qxa6 {[%emt 0:00:05]} 28. Nxa6 {[%emt 0:00:00]} Rf8 {[%emt 0:00:01]} 29. Nc5 {[%emt 0:00:01]} f4 {[%emt 0:00:00]} 30. Ne6 {[%emt 0:00:00]} Rf7 {[%emt 0:00:02]} 31. Nxg7 {[%emt 0:00:01]} Kxg7 {[%emt 0:00:00]} 32. a4 {[%emt 0:00:00]} h5 {[%emt 0:00:03]} 33. b4 {[%emt 0:00:01]} Rc7 {[%emt 0:00:02]} 34. Ra3 {[%emt 0:00:02]} fxg3 {[%emt 0:00:01]} 35. fxg3 {[%emt 0:00:01]} axb4 {[%emt 0:00:01]} 36. cxb4 {[%emt 0:00:00]} Rc2 {[%emt 0:00:00]} 37. b5 {[%emt 0:00:00]} e3 {[%emt 0:00:01]} 38. Raxe3 {[%emt 0:00:01]} Be4 {[%emt 0:00:00]} 39. R1e2 {[%emt 0:00:01]} Rc1+ {[%emt 0:00:01]} 40. Kh2 {[%emt 0:00:00]} Ra1 {[%emt 0:00:00]} 41. b6 {[%emt 0:00:01]} Rxa4 {[%emt 0:00:01]} 42. Rb2 {[%emt 0:00:01]} Ra8 {[%emt 0:00:00]} 43. b7 {[%emt 0:00:00]} Rb8 {[%emt 0:00:00]} 44. Rc3 {[%emt 0:00:00]} Bf5 {[%emt 0:00:01]} 45. Rc7+ {[%emt 0:00:01]} Kf6 {[%emt 0:00:01]} 46. Rb6+ {[%emt 0:00:00]} Be6 {[%emt 0:00:02]} 47. Rcc6 {[%emt 0:00:00] IceQueen resigns IceQueen resigns IceQueen resigns (Lag: Av=0.60s, max=1.4s) (Lag: Av=0.60s, max=1.4s) (Lag: Av=0.60s, max=1.4s)} 1-0

[Event "Stay Safe Play From Home 383"]
[Site "Emanuel Lasker Arena"]
[Date "2020.08.14"]
[Round "5"]
[White "Mepe_Nika"]
[Black "TheCHESSHOUSE"]
[Result "1-0"]
[WhiteElo "2303"]
[BlackElo "2028"]
[PlyCount "63"]
[EventDate "2020.08.14"]
[EventType "swiss (blitz)"]

1. d4 {[%emt 0:00:01]} Nf6 {[%emt 0:00:03]} 2. Bf4 {[%emt 0:00:01]} g6 {[%emt 0:00:00]} 3. Nc3 {[%emt 0:00:01]} d6 {[%emt 0:00:00]} 4. e4 {[%emt 0:00:00]} Bg7 {[%emt 0:00:00]} 5. Qd2 {[%emt 0:00:00]} O-O {[%emt 0:00:00]} 6. O-O-O {[%emt 0:00:00]} h5 {[%emt 0:00:00]} 7. Bh6 {[%emt 0:00:02]} Nc6 {[%emt 0:00:01]} 8. Bxg7 {[%emt 0:00:01]} Kxg7 {[%emt 0:00:00]} 9. d5 {[%emt 0:00:01]} Ne5 {[%emt 0:00:01]} 10. f4 {[%emt 0:00:01]} Neg4 {[%emt 0:00:01]} 11. h3 {[%emt 0:00:01]} Nh6 {[%emt 0:00:01]} 12. Nf3 {[%emt 0:00:01]} e6 {[%emt 0:00:01]} 13. e5 {[%emt 0:00:01]} Nxd5 {[%emt 0:00:04]} 14. Nxd5 {[%emt 0:00:01]} exd5 {[%emt 0:00:00]} 15. Qxd5 {[%emt 0:00:01]} Be6 {[%emt 0:00:01]} 16. Qd4 {[%emt 0:00:00]} d5 {[%emt 0:00:02]} 17. Ng5 {[%emt 0:00:04]} b6 {[%emt 0:00:01]} 18. Bd3 {[%emt 0:00:02]} c5 {[%emt 0:00:01]} 19. Qf2 {[%emt 0:00:02]} Qe7 {[%emt 0:00:02]} 20. Qh4 {[%emt 0:00:02]} Nf5 {[%emt 0:00:03]} 21. Nxe6+ {[%emt 0:00:02]} Qxe6 {[%emt 0:00:01]} 22. Bxf5 {[%emt 0:00:01]} Qxf5 {[%emt 0:00:00]} 23. Rdf1 {[%emt 0:00:01]} Rad8 {[%emt 0:00:03]} 24. g4 {[%emt 0:00:01]} Qe4 {[%emt 0:00:05]} 25. gxh5 {[%emt 0:00:02]} Rh8 {[%emt 0:00:01]} 26. Qf6+ {[%emt 0:00:02]} Kh7 {[%emt 0:00:01]} 27. Rhg1 {[%emt 0:00:02]} Qf5 {[%emt 0:00:06]} 28. hxg6+ {[%emt 0:00:01]} fxg6 {[%emt 0:00:01]} 29. Qxf5 {[%emt 0:00:02]} gxf5 {[%emt 0:00:00]} 30. Rg5 {[%emt 0:00:00]} Rhf8 {[%emt 0:00:02]} 31. Rfg1 {[%emt 0:00:01]} Rf7 {[%emt 0:00:01]} 32. Rh5# {[%emt 0:00:01] (Lag: Av=0.68s, max=0.8s) (Lag: Av=0.68s, max=0.8s) (Lag: Av=0.68s, max=0.8s)} 1-0

[Event "Stay Safe Play From Home 383"]
[Site "Emanuel Lasker Arena"]
[Date "2020.08.14"]
[Round "5"]
[White "Lazieri3"]
[Black "MihailoVujic"]
[Result "0-1"]
[WhiteElo "2123"]
[BlackElo "2260"]
[PlyCount "46"]
[EventDate "2020.08.14"]
[EventType "swiss (blitz)"]

1. e4 {[%emt 0:00:01]} e5 {[%emt 0:00:00]} 2. Nc3 {[%emt 0:00:00]} Nc6 {[%emt 0:00:01]} 3. Nf3 {[%emt 0:00:00]} Nf6 {[%emt 0:00:00]} 4. d4 {[%emt 0:00:00]} exd4 {[%emt 0:00:00]} 5. Nxd4 {[%emt 0:00:00]} Nxe4 {[%emt 0:00:00]} 6. Nxc6 {[%emt 0:00:01]} Nxc3 {[%emt 0:00:00]} 7. Ne7 {[%emt 0:00:00]} Nxd1 {[%emt 0:00:00]} 8. Nxc8 {[%emt 0:00:01]} Qxc8 {[%emt 0:00:02]} 9. Kxd1 {[%emt 0:00:01]} d5 {[%emt 0:00:00]} 10. Bd3 {[%emt 0:00:00]} Bd6 {[%emt 0:00:01]} 11. Re1+ {[%emt 0:00:02]} Kf8 {[%emt 0:00:00]} 12. Be3 {[%emt 0:00:03]} c5 {[%emt 0:00:01]} 13. Kd2 {[%emt 0:00:02]} d4 {[%emt 0:00:01]} 14. Bg5 {[%emt 0:00:02]} h6 {[%emt 0:00:00]} 15. Bh4 {[%emt 0:00:01]} g5 {[%emt 0:00:01]} 16. Bf5 {[%emt 0:00:03]} Qxf5 {[%emt 0:00:03]} 17. Bg3 {[%emt 0:00:02]} Bxg3 {[%emt 0:00:01]} 18. fxg3 {[%emt 0:00:02]} Kg7 {[%emt 0:00:00]} 19. Re2 {[%emt 0:00:01]} Rhe8 {[%emt 0:00:02]} 20. Rae1 {[%emt 0:00:00]} Rxe2+ {[%emt 0:00:01]} 21. Rxe2 {[%emt 0:00:00]} Rd8 {[%emt 0:00:01]} 22. g4 {[%emt 0:00:01]} Qf4+ {[%emt 0:00:01]} 23. Kd1 {[%emt 0:00:02]} d3 {[%emt 0:00:01] Lazieri3 resigns Lazieri3 resigns Lazieri3 resigns (Lag: Av=0.79s, max=1.2s) (Lag: Av=0.79s, max=1.2s) (Lag: Av=0.79s, max=1.2s)} 0-1

[Event "Stay Safe Play From Home 383"]
[Site "Emanuel Lasker Arena"]
[Date "2020.08.14"]
[Round "5"]
[White "Hickey"]
[Black "Justwatch"]
[Result "1-0"]
[WhiteElo "2118"]
[BlackElo "1612"]
[PlyCount "53"]
[EventDate "2020.08.14"]
[EventType "swiss (blitz)"]

1. Nf3 {[%emt 0:00:02]} Nf6 {[%emt 0:00:01]} 2. g3 {[%emt 0:00:00]} g6 {[%emt 0:00:00]} 3. Bg2 {[%emt 0:00:00]} Bg7 {[%emt 0:00:00]} 4. O-O {[%emt 0:00:00]} O-O {[%emt 0:00:00]} 5. c4 {[%emt 0:00:00]} d6 {[%emt 0:00:00]} 6. Nc3 {[%emt 0:00:00]} Nc6 {[%emt 0:00:00]} 7. d4 {[%emt 0:00:01]} Bg4 {[%emt 0:00:00]} 8. h3 {[%emt 0:00:01]} Bxf3 {[%emt 0:00:00]} 9. Bxf3 {[%emt 0:00:00]} Rb8 {[%emt 0:00:01]} 10. b3 {[%emt 0:00:02]} a6 {[%emt 0:00:01]} 11. Bb2 {[%emt 0:00:00]} e6 {[%emt 0:00:00]} 12. Rc1 {[%emt 0:00:01]} Ne7 {[%emt 0:00:01]} 13. Kh2 {[%emt 0:00:00]} c6 {[%emt 0:00:01]} 14. e3 {[%emt 0:00:01]} d5 {[%emt 0:00:02]} 15. Bg2 {[%emt 0:00:01]} dxc4 {[%emt 0:00:01]} 16. bxc4 {[%emt 0:00:02]} Qa5 {[%emt 0:00:01]} 17. Qb3 {[%emt 0:00:01]} Nf5 {[%emt 0:00:02]} 18. Ba3 {[%emt 0:00:01]} Rfd8 {[%emt 0:00:02]} 19. Bc5 {[%emt 0:00:03]} b6 {[%emt 0:00:03]} 20. Bb4 {[%emt 0:00:01]} Nxd4 {[%emt 0:00:04]} 21. exd4 {[%emt 0:00:03]} Qh5 {[%emt 0:00:03]} 22. Bxc6 {[%emt 0:00:04]} a5 {[%emt 0:00:02]} 23. Be7 {[%emt 0:00:02]} Ng4+ {[%emt 0:00:00]} 24. Kg2 {[%emt 0:00:02]} Nf6 {[%emt 0:00:02]} 25. Bxd8 {[%emt 0:00:01]} Rxd8 {[%emt 0:00:00]} 26. Bf3 {[%emt 0:00:00]} Qh6 {[%emt 0:00:01]} 27. d5 {[%emt 0:00:02] Justwatch terk eder Justwatch terk eder Justwatch terk eder (Lag: Av=0.59s, max=0.7s) (Lag: Av=0.59s, max=0.7s) (Lag: Av=0.59s, max=0.7s)} 1-0

[Event "Stay Safe Play From Home 383"]
[Site "Emanuel Lasker Arena"]
[Date "2020.08.14"]
[Round "5"]
[White "Käptn"]
[Black "Klasman"]
[Result "1-0"]
[WhiteElo "1979"]
[BlackElo "1335"]
[PlyCount "75"]
[EventDate "2020.08.14"]
[EventType "swiss (blitz)"]
[WhiteTeam "SC Diogenes"]

{Laqua, Christian (2108)} 1. c4 {[%emt 0:00:02]} f5 {[%emt 0:00:01]} 2. g3 {[%emt 0:00:01]} Nf6 {[%emt 0:00:01]} 3. Bg2 {[%emt 0:00:00]} e6 {[%emt 0:00:01]} 4. Nf3 {[%emt 0:00:02]} c6 {[%emt 0:00:01]} 5. O-O {[%emt 0:00:00]} d6 {[%emt 0:00:01]} 6. b3 {[%emt 0:00:01]} Be7 {[%emt 0:00:01]} 7. Bb2 {[%emt 0:00:01]} Bd7 {[%emt 0:00:01]} 8. d3 {[%emt 0:00:01]} Na6 {[%emt 0:00:01]} 9. Nbd2 {[%emt 0:00:01]} Nc7 {[%emt 0:00:01]} 10. Qc2 {[%emt 0:00:00]} O-O {[%emt 0:00:01]} 11. Rac1 {[%emt 0:00:01]} Rc8 {[%emt 0:00:01]} 12. b4 {[%emt 0:00:01]} a6 {[%emt 0:00:01]} 13. a4 {[%emt 0:00:01]} e5 {[%emt 0:00:01]} 14. Qb3 {[%emt 0:00:02]} Be6 {[%emt 0:00:01]} 15. Ng5 {[%emt 0:00:01]} Bf7 {[%emt 0:00:03]} 16. Nxf7 {[%emt 0:00:02]} Rxf7 {[%emt 0:00:01]} 17. b5 {[%emt 0:00:01]} axb5 {[%emt 0:00:02]} 18. axb5 {[%emt 0:00:00]} c5 {[%emt 0:00:03]} 19. Ra1 {[%emt 0:00:04]} b6 {[%emt 0:00:02]} 20. Ra7 {[%emt 0:00:01]} h5 {[%emt 0:00:03]} 21. Rfa1 {[%emt 0:00:03]} g5 {[%emt 0:00:02]} 22. Nf3 {[%emt 0:00:04]} h4 {[%emt 0:00:03]} 23. Nxg5 {[%emt 0:00:01]} Rg7 {[%emt 0:00:06]} 24. Rxc7 {[%emt 0:00:02]} Qxc7 {[%emt 0:00:02]} 25. Ne6 {[%emt 0:00:01]} Qd7 {[%emt 0:00:01]} 26. Nxg7 {[%emt 0:00:00]} Kxg7 {[%emt 0:00:01]} 27. Ra6 {[%emt 0:00:01]} Qc7 {[%emt 0:00:02]} 28. Qa2 {[%emt 0:00:02]} hxg3 {[%emt 0:00:01]} 29. hxg3 {[%emt 0:00:01]} Qd8 {[%emt 0:00:02]} 30. Ra7 {[%emt 0:00:01]} Kg6 {[%emt 0:00:01]} 31. Rb7 {[%emt 0:00:01]} Qh8 {[%emt 0:00:02]} 32. Bf3 {[%emt 0:00:04]} Qh6 {[%emt 0:00:02]} 33. Qa7 {[%emt 0:00:02]} Rh8 {[%emt 0:00:02]} 34. Rxe7 {[%emt 0:00:04]} Qh2+ {[%emt 0:00:02]} 35. Kf1 {[%emt 0:00:01]} Qh1+ {[%emt 0:00:01]} 36. Bxh1 {[%emt 0:00:01]} Rxh1+ {[%emt 0:00:01]} 37. Kg2 {[%emt 0:00:00]} Rg1+ {[%emt 0:00:02]} 38. Kxg1 {[%emt 0:00:02] Time Time Time (Lag: Av=0.44s, max=1.0s) (Lag: Av=0.44s, max=1.0s) (Lag: Av=0.44s, max=1.0s)} 1-0

[Event "Stay Safe Play From Home 383"]
[Site "Emanuel Lasker Arena"]
[Date "2020.08.14"]
[Round "5"]
[White "Tavares"]
[Black "Trotsky"]
[Result "1-0"]
[WhiteElo "1694"]
[BlackElo "1581"]
[Annotator "NA"]
[PlyCount "57"]
[EventDate "2020.08.14"]
[EventType "swiss (blitz)"]

1. e4 {[%emt 0:00:03]} c5 {[%emt 0:00:05]} 2. Nf3 {[%emt 0:00:02]} Nc6 {[%emt 0:00:01]} 3. d4 {[%emt 0:00:00]} e6 {[%emt 0:00:01]} 4. d5 {[%emt 0:00:01]} exd5 {[%emt 0:00:04]} 5. exd5 {[%emt 0:00:00]} Nd4 {[%emt 0:00:01]} 6. c3 {[%emt 0:00:02]} Nxf3+ {[%emt 0:00:02]} 7. Qxf3 {[%emt 0:00:00]} Nf6 {[%emt 0:00:02]} 8. c4 {[%emt 0:00:03]} Bd6 {[%emt 0:00:02]} 9. Nc3 {[%emt 0:00:02]} a6 {[%emt 0:00:01]} 10. Be2 {[%emt 0:00:01]} b6 {[%emt 0:00:03]} 11. O-O {[%emt 0:00:02]} Bb7 {[%emt 0:00:01]} 12. Bg5 {[%emt 0:00:03]} Qc7 {[%emt 0:00:01]} 13. Bxf6 {[%emt 0:00:01]} gxf6 {[%emt 0:00:01]} 14. Qxf6 {[%emt 0:00:01]} Rf8 {[%emt 0:00:04]} 15. h3 {[%emt 0:00:02]} Be7 {[%emt 0:00:01]} 16. Qf3 {[%emt 0:00:04]} O-O-O {[%emt 0:00:01]} 17. Ne4 {[%emt 0:00:03]} f5 {[%emt 0:00:02]} 18. Nc3 {[%emt 0:00:07]} Bd6 {[%emt 0:00:01]} 19. Bd3 {[%emt 0:00:01]} h5 {[%emt 0:00:01]} 20. Rfe1 {[%emt 0:00:02]} Rg8 {[%emt 0:00:05]} 21. Bxf5 {[%emt 0:00:01]} Rg5 {[%emt 0:00:02]} 22. Ne4 {[%emt 0:00:03]} Rg7 {[%emt 0:00:03]} 23. Nf6 {[%emt 0:00:04]} Be5 {[%emt 0:00:04]} 24. Nxd7 {[%emt 0:00:02]} Rdxd7 {[%emt 0:00:02]} 25. Bxd7+ {[%emt 0:00:02]} Qxd7 {[%emt 0:00:01]} 26. Rxe5 {[%emt 0:00:01]} Qd6 {[%emt 0:00:03]} 27. Rae1 {[%emt 0:00:00]} Bc6 {[%emt 0:00:02]} 28. Qf5+ {[%emt 0:00:00]} Kb7 {[%emt 0:00:02]} 29. dxc6+ {[%emt 0:00:00] Âðåìÿ Âðåìÿ Âðåìÿ (Lag: Av=0.28s, max=0.9s) (Lag: Av=0.28s, max=0.9s) (Lag: Av=0.28s, max=0.9s)} 1-0

[Event "Stay Safe Play From Home 383"]
[Site "Emanuel Lasker Arena"]
[Date "2020.08.14"]
[Round "6"]
[White "MihailoVujic"]
[Black "Mepe_Nika"]
[Result "1-0"]
[WhiteElo "2271"]
[BlackElo "2308"]
[PlyCount "119"]
[EventDate "2020.08.14"]
[EventType "swiss (blitz)"]

1. e4 {[%emt 0:00:02]} c6 {[%emt 0:00:01]} 2. d4 {[%emt 0:00:01]} d5 {[%emt 0:00:00]} 3. f3 {[%emt 0:00:00]} dxe4 {[%emt 0:00:03]} 4. fxe4 {[%emt 0:00:00]} e5 {[%emt 0:00:00]} 5. Nf3 {[%emt 0:00:00]} Bg4 {[%emt 0:00:01]} 6. Bc4 {[%emt 0:00:00]} Nd7 {[%emt 0:00:04]} 7. c3 {[%emt 0:00:00]} Ngf6 {[%emt 0:00:02]} 8. Qb3 {[%emt 0:00:00]} Qe7 {[%emt 0:00:04]} 9. Qxb7 {[%emt 0:00:01]} Rb8 {[%emt 0:00:01]} 10. Qxc6 {[%emt 0:00:01]} g6 {[%emt 0:00:03]} 11. Nxe5 {[%emt 0:00:03]} Bg7 {[%emt 0:00:01]} 12. Bxf7+ {[%emt 0:00:02]} Kd8 {[%emt 0:00:01]} 13. Nxd7 {[%emt 0:00:03]} Bxd7 {[%emt 0:00:02]} 14. Qc4 {[%emt 0:00:01]} Qxe4+ {[%emt 0:00:01]} 15. Qe2 {[%emt 0:00:09]} Qc6 {[%emt 0:00:06]} 16. Bf4 {[%emt 0:00:03]} Rb6 {[%emt 0:00:03]} 17. O-O {[%emt 0:00:02]} Rf8 {[%emt 0:00:01]} 18. Bb3 {[%emt 0:00:02]} Kc8 {[%emt 0:00:03]} 19. Be5 {[%emt 0:00:00]} Be6 {[%emt 0:00:02]} 20. Bxe6+ {[%emt 0:00:01]} Qxe6 {[%emt 0:00:00]} 21. Qf3 {[%emt 0:00:01]} Qd5 {[%emt 0:00:04]} 22. Qxd5 {[%emt 0:00:02]} Nxd5 {[%emt 0:00:00]} 23. Bxg7 {[%emt 0:00:03]} Rxf1+ {[%emt 0:00:00]} 24. Kxf1 {[%emt 0:00:01]} Rxb2 {[%emt 0:00:00]} 25. Na3 {[%emt 0:00:02]} Ne3+ {[%emt 0:00:01]} 26. Ke1 {[%emt 0:00:02]} Nxg2+ {[%emt 0:00:01]} 27. Kd1 {[%emt 0:00:01]} Ne3+ {[%emt 0:00:00]} 28. Kc1 {[%emt 0:00:00]} Rxh2 {[%emt 0:00:01]} 29. Be5 {[%emt 0:00:02]} Rh1+ {[%emt 0:00:03]} 30. Kb2 {[%emt 0:00:01]} Rh3 {[%emt 0:00:02]} 31. Kb3 {[%emt 0:00:01]} Nd5 {[%emt 0:00:01]} 32. Rc1 {[%emt 0:00:02]} g5 {[%emt 0:00:00]} 33. Nc4 {[%emt 0:00:01]} g4 {[%emt 0:00:01]} 34. Nd6+ {[%emt 0:00:00]} Kd7 {[%emt 0:00:01]} 35. Ne4 {[%emt 0:00:00]} Nc7 {[%emt 0:00:00]} 36. Ng3 {[%emt 0:00:01]} Ne6 {[%emt 0:00:01]} 37. d5 {[%emt 0:00:01]} h5 {[%emt 0:00:00]} 38. dxe6+ {[%emt 0:00:01]} Kxe6 {[%emt 0:00:00]} 39. Bb8 {[%emt 0:00:00]} h4 {[%emt 0:00:00]} 40. Ne4 {[%emt 0:00:00]} g3 {[%emt 0:00:00]} 41. Ng5+ {[%emt 0:00:00]} Kf5 {[%emt 0:00:00]} 42. Nxh3 {[%emt 0:00:00]} Kg4 {[%emt 0:00:00]} 43. Bxg3 {[%emt 0:00:01]} hxg3 {[%emt 0:00:01]} 44. Ng1 {[%emt 0:00:00]} Kf4 {[%emt 0:00:00]} 45. c4 {[%emt 0:00:00]} Ke3 {[%emt 0:00:00]} 46. c5 {[%emt 0:00:00]} Kd4 {[%emt 0:00:00] Mepe_Nika offers a draw Mepe_Nika offers a draw Mepe_Nika offers a draw} 47. Rc3 {[%emt 0:00:00]} a5 {[%emt 0:00:00]} 48. c6 {[%emt 0:00:00]} a4+ {[%emt 0:00:00]} 49. Kb4 {[%emt 0:00:00]} a3 {[%emt 0:00:01]} 50. c7 {[%emt 0:00:00]} Kd5 {[%emt 0:00:00]} 51. c8=Q {[%emt 0:00:00]} g2 {[%emt 0:00:00]} 52. Qc4+ {[%emt 0:00:00]} Kd6 {[%emt 0:00:01]} 53. Rd3+ {[%emt 0:00:00]} Ke5 {[%emt 0:00:01]} 54. Qd4+ {[%emt 0:00:00]} Kf5 {[%emt 0:00:01]} 55. Re3 {[%emt 0:00:00]} Kg6 {[%emt 0:00:00]} 56. Qe4+ {[%emt 0:00:00]} Kg7 {[%emt 0:00:00]} 57. Rf3 {[%emt 0:00:00]} Kg8 {[%emt 0:00:00]} 58. Rf5 {[%emt 0:00:00]} Kh8 {[%emt 0:00:00]} 59. Qg4 {[%emt 0:00:00]} Kh7 {[%emt 0:00:00]} 60. Rh5# {[%emt 0:00:00] (Lag: Av=0.69s, max=1.5s) (Lag: Av=0.69s, max=1.5s) (Lag: Av=0.69s, max=1.5s)} 1-0